000 00401pam a2200145 a 4500
020 _c
041 _h
100 _aHARVEY MACKAY
_eAuthor
245 _aOUTSELL, OUTMANAGE & OUTMOTIVATE & OUTNEGOTIATE YOUR COMPETITION
_cHARVEY MACKAY
_hTextual Documents
260 _aChennai
_bBetter life Media Westland Ltd
300 _aDVD
653 _ahotel manaemant
700 _eCo-Author
930 _a3624
999 _c231021
_d231021